Històries i llegendes / Víctor Balaguer ; adaptació de Teresa Costa-Gramunt ; pròleg d'Oriol Pi de Cabanyes
ISBN:
84-7794-885-2
Descripción Física:
157 p. : il. ; 25 cm
Materias:
Llegendes -- Catalunya
MARC
| LEADER | 00000nam a2200000Ia 4500 | ||
|---|---|---|---|
| 001 | 14686 | ||
| 008 | 160829s9999 xx 000 0 cat d | ||
| 020 | |a 84-7794-885-2 | ||
| 080 | |a L-2-26 | ||
| 100 | 1 | |a Balaguer, Víctor, |d 1824-1901 |9 54565 | |
| 245 | |a Històries i llegendes / Víctor Balaguer ; adaptació de Teresa Costa-Gramunt ; pròleg d'Oriol Pi de Cabanyes | ||
| 260 | |a [Barcelona] : |b Diputació de Barcelona, Xarxa de Municipis, cop. 2002 | ||
| 300 | |a 157 p. : |b il. ; |c 25 cm | ||
| 650 | 0 | |a Llegendes |z Catalunya |9 34016 | |
| 700 | |a Costa-Gramunt, Teresa, rev. |9 27497 | ||
| 700 | |a Pi de Cabanyes, Oriol, pr. |9 27498 | ||
| 901 | |a Arxiu | ||
| 942 | |n 1 | ||
| 952 | |0 0 |1 0 |4 0 |6 L226 |7 1 |9 44413 |a Arxiu |b Arxiu |d 2016-12-01 |l 0 |o L-2-26 |p 14686 |r 2016-12-01 00:00:00 |w 2016-12-01 |y ARXIU | ||
| 999 | |c 46994 |d 46994 | ||